Villes de la Haute-Corse en images - Statistiques

Statistiques générales
  • Ce quiz a été pris 51 fois
  • Le résultat moyen est 6 sur 18
Statistiques - réponses
Par images Hint Réponse % Correct
B Bastia
98%
C Calvi
86%
F Furiani
74%
C Corte
72%
L (I) L'Île-Rousse
67%
N Nonza
47%
S Saint-Florent
42%
G Ghisonaccia
30%
M Morosaglia
23%
A Aléria
21%
V Vescovato
19%
C Calenzana
16%
M Monticello
14%
B Brando
7%
P Patrimonio
7%
P Penta-di-Casinca
5%
P Prunelli-di-Fiumorbo
0%
S Sant'Antonio
0%
Aucun quiz correspondant
Distribution des résultats
% des personnes avec chaque résultat
Percentile par nombre de réponses
Votre historique - résultats
Vous n’avez pas pris ce quiz